000 00915nam a2200325 a 4500
003 AR-BaBNM
005 20251128210411.0
008 082120s2002 ||||||||||||||000 | spa||
020 _a987-97435-1-2
040 _cAR-BaBNM
100 1 _aLugones, Leopoldo
245 0 0 _aRomances del Río Seco
260 _aBuenos Aires
_bEdiciones Pasco
_c1999
300 _a350 p.
490 0 _aObras completas de Leopoldo Lugones
_vv. 1
500 _aContiene vocabulario complementario en p. 323
500 _aReferencias bibliográficas en p. 346
650 4 _aLITERATURA ARGENTINA
650 4 _aIDENTIDAD CULTURAL
650 4 _aLITERATURA POPULAR
650 4 _aANARQUIA DE 1820
653 _aGAUCHOS
653 _aMODERNISMO
653 _aINFLUENCIA CLASICA
653 _aLITERATURA GAUCHESCA
655 _aLITERATURA
700 1 _aBarcia, Pedro Luis
_eprologuista
942 _cBK
998 _cMARTIN
999 _c15322
_d15322